[Event "ch-FRA Accession 2016"]
[Site "Agen FRA"]
[Date "2016.08.13"]
[Round "1.1"]
[White "Degraeve, Jean-Marc"]
[Black "Devallee, Jeremie"]
[Result "1-0"]
[WhiteTitle "GM"]
[WhiteElo "2586"]
[BlackElo "2284"]
[WhiteFideId "600270"]
[BlackFideId "665240"]
[EventDate "2016.08.13"]

1. e4 c5 2. Nf3 d6 3. Bb5+ Bd7 4. Bxd7+ Qxd7 5. O-O Nc6 6. c3 d5 7. d3 Nf6 8. e5
Ng4 9. Re1 e6 10. h3 Nh6 11. Bxh6 gxh6 12. Nbd2 Bg7 13. Nb3 b6 14. d4 c4 15.
Nbd2 O-O 16. Nh2 f6 17. exf6 Rxf6 18. Ng4 Rg6 19. Nf3 h5 20. Nh4 hxg4 21. Nxg6
hxg6 22. Qxg4 Kf7 23. Re3 Rh8 24. Rae1 Nd8 25. h4 Bf6 26. Rg3 Rh6 27. Rf3 Kg7
28. Rh3 Qb5 29. Qf4 Qxb2 30. Rf3 Be7 31. g3 Rh5 32. Re5 Rf5 33. Rxf5 Qb1+ 34.
Kg2 Qxf5 35. Qc7 1-0

[Event "ch-FRA Accession 2016"]
[Site "Agen FRA"]
[Date "2016.08.13"]
[Round "1.2"]
[White "Le Hetet, Nicolas"]
[Black "Lagarde, Maxime"]
[Result "1/2-1/2"]
[BlackTitle "GM"]
[WhiteElo "2281"]
[BlackElo "2572"]
[WhiteFideId "634824"]
[BlackFideId "662399"]
[EventDate "2016.08.13"]

1. e4 c5 2. Nf3 Nc6 3. Nc3 d6 4. d4 cxd4 5. Nxd4 Nf6 6. Be2 e5 7. Nb3 Be7 8. O-O
O-O 9. Kh1 a5 10. a4 Be6 11. f4 Nb4 12. f5 Bd7 13. Bg5 Bc6 14. Bf3 Qb6 15. Qe2
Rac8 16. Rfd1 Rfe8 17. Be3 Qc7 18. Qf2 Bd8 19. Rd2 Qb8 20. Ba7 Qa8 21. Bb6 Qa6
22. Be3 Bd7 23. Rad1 d5 24. exd5 e4 25. Be2 Qd6 26. Bf4 Qb6 27. Be3 Qd6 28. Bf4
e3 29. Qxe3 Rxe3 30. Bxd6 Rcxc3 31. bxc3 Na2 32. Bc5 Re8 33. Bd4 Ne4 34. Bd3
Naxc3 35. Bxc3 Nxc3 36. Nc5 Bg5 37. g4 Bc8 38. d6 Rd8 39. Bc4 b6 40. d7 bxc5 41.
dxc8=Q Rxc8 42. Rd7 Nxd1 43. Rxd1 Rd8 44. Rxd8+ Bxd8 1/2-1/2

[Event "ch-FRA Accession 2016"]
[Site "Agen FRA"]
[Date "2016.08.13"]
[Round "1.3"]
[White "Le Roux, Jean-Pierre"]
[Black "Mancini, Mario"]
[Result "1-0"]
[WhiteTitle "GM"]
[BlackTitle "FM"]
[WhiteElo "2564"]
[BlackElo "2278"]
[WhiteFideId "609404"]
[BlackFideId "605077"]
[EventDate "2016.08.13"]

1. e4 c5 2. Nf3 e6 3. b3 Nf6 4. e5 Nd5 5. Bb2 Be7 6. g3 O-O 7. Bg2 d6 8. exd6
Qxd6 9. O-O Nc6 10. Na3 b6 11. d4 cxd4 12. Nb5 Qd7 13. Nbxd4 Bb7 14. Qe2 Nxd4
15. Nxd4 Nf6 16. Rfd1 Bxg2 17. Kxg2 Qb7+ 18. Qf3 Qxf3+ 19. Kxf3 Rac8 20. c4 a6
21. a4 a5 22. Nb5 Rfd8 23. Be5 Ne8 24. Na7 Rxd1 25. Rxd1 Rd8 26. Rxd8 Bxd8 27.
Nc8 Nf6 28. Bxf6 gxf6 29. Ke4 Kf8 30. Kd4 Ke8 31. c5 Kd7 32. Nxb6+ Kc6 33. Nc8
f5 34. Kc4 f6 35. Na7+ Kd7 36. Nb5 e5 37. Kd5 e4 38. c6+ Kc8 39. Nd6+ 1-0

[Event "ch-FRA Accession 2016"]
[Site "Agen FRA"]
[Date "2016.08.13"]
[Round "1.4"]
[White "Valuet, Bertrand"]
[Black "Velten, Paul"]
[Result "0-1"]
[WhiteTitle "FM"]
[BlackTitle "IM"]
[WhiteElo "2274"]
[BlackElo "2485"]
[WhiteFideId "616079"]
[BlackFideId "681091"]
[EventDate "2016.08.13"]

1. c4 e5 2. g3 Nc6 3. Nc3 Bc5 4. Nf3 Nf6 5. Nxe5 Bxf2+ 6. Kxf2 Nxe5 7. d4 Nxc4
8. e4 d5 9. Bxc4 dxc4 10. Qa4+ c6 11. Qxc4 O-O 12. Re1 Be6 13. Qd3 Ng4+ 14. Kg2
Ne5 15. Qd2 Ng6 16. d5 cxd5 17. exd5 Bc8 18. b3 Qd7 19. Ba3 Rd8 20. Rac1 h5 21.
Qg5 Qh3+ 22. Kg1 Bg4 23. Be7 Bf3 24. Rc2 Rd7 25. d6 Re8 26. Re3 Bc6 27. b4 Nxe7
28. dxe7 Qg4 29. Qxg4 hxg4 30. Rce2 f6 31. Ne4 Kf7 32. Nc5 Rdxe7 33. Kf2 Rxe3
34. Rxe3 Rh8 35. Kg1 Rd8 36. Rd3 Rxd3 37. Nxd3 Ke6 38. Kf2 Kd5 39. Ke3 Kc4 40.
a3 b6 41. Nf4 Kb3 42. Kd2 g5 43. Ne6 Bd7 44. Nd8 Kxa3 45. Kc3 f5 46. Nf7 f4 47.
Ne5 f3 48. Kd2 Be6 49. b5 Kb4 50. Nc6+ Kc5 0-1

[Event "ch-FRA Accession 2016"]
[Site "Agen FRA"]
[Date "2016.08.14"]
[Round "2.1"]
[White "Rouler, Charly"]
[Black "Degraeve, Jean-Marc"]
[Result "0-1"]
[WhiteTitle "FM"]
[BlackTitle "GM"]
[WhiteElo "2333"]
[BlackElo "2586"]
[WhiteFideId "621692"]
[BlackFideId "600270"]
[EventDate "2016.08.13"]

1. d4 Nf6 2. c4 g6 3. g3 c5 4. Nf3 Bg7 5. Bg2 Qa5+ 6. Nbd2 cxd4 7. Nxd4 Nc6 8.
Nb3 Qc7 9. c5 d5 10. cxd6 Qxd6 11. O-O Be6 12. Nf3 Qxd1 13. Rxd1 O-O 14. Nfd4
Nxd4 15. Nxd4 Bd5 16. b3 Bxg2 17. Kxg2 Rfd8 18. Ba3 Ne4 19. e3 Nc3 20. Rdc1 Bxd4
21. exd4 Nd5 22. Rc2 f6 23. Re1 Rd7 24. Rec1 Kf7 25. Rc8 Rd8 26. Rxa8 Rxa8 27.
Kf3 e6 28. h3 Ke8 29. Ke4 Kd7 30. Bb2 g5 31. a3 h5 32. Kd3 Rh8 33. Rh1 h4 34.
Bc1 g4 35. hxg4 hxg3 0-1

[Event "ch-FRA Accession 2016"]
[Site "Agen FRA"]
[Date "2016.08.14"]
[Round "2.2"]
[White "Calistri, Tristan"]
[Black "Le Roux, Jean-Pierre"]
[Result "1/2-1/2"]
[WhiteTitle "IM"]
[BlackTitle "GM"]
[WhiteElo "2305"]
[BlackElo "2564"]
[WhiteFideId "607843"]
[BlackFideId "609404"]
[EventDate "2016.08.13"]

1. e4 Nf6 2. e5 Nd5 3. d4 d6 4. c4 Nb6 5. exd6 exd6 6. h3 Bf5 7. Nf3 Be7 8. Be2
O-O 9. O-O c5 10. Nc3 Bf6 11. Be3 Nc6 12. Rc1 Re8 13. Re1 cxd4 14. Nxd4 Nxd4 15.
Bxd4 Bg5 16. Ra1 Bf4 17. Bf3 Rxe1+ 18. Qxe1 Nxc4 19. Bxb7 Rb8 20. Be4 Qg5 21.
Bxf5 Qxf5 22. b3 Na3 23. Bxa7 Ra8 24. Rd1 Nc2 25. Qe7 h6 26. Nd5 Bg5 27. Qb7 Re8
28. Qb5 Qc8 29. f4 Bh4 30. Bf2 Bxf2+ 31. Kxf2 Na3 32. Qd3 Qc5+ 33. Qd4 Qc2+ 34.
Qd2 Qc5+ 35. Qd4 Qc2+ 36. Qd2 Qc5+ 37. Qd4 Qc2+ 38. Rd2 Qc1 39. Ne3 Nb5 40. Nd5
Na3 41. Rd1 Qd2+ 42. Qxd2 Nc2 43. Kg1 Rb8 1/2-1/2

[Event "ch-FRA Accession 2016"]
[Site "Agen FRA"]
[Date "2016.08.14"]
[Round "2.3"]
[White "Velten, Paul"]
[Black "Le Corre, Benjamin"]
[Result "1/2-1/2"]
[WhiteTitle "IM"]
[BlackTitle "FM"]
[WhiteElo "2485"]
[BlackElo "2319"]
[WhiteFideId "681091"]
[BlackFideId "639605"]
[EventDate "2016.08.13"]

1. d4 Nf6 2. Nf3 d6 3. c4 g6 4. Nc3 Bf5 5. Ng5 h6 6. e4 Bg4 7. Nf3 Bg7 8. Be2
Nfd7 9. Be3 c5 10. d5 Nb6 11. O-O N8d7 12. Nd2 Bxe2 13. Qxe2 Bxc3 14. bxc3 Na4
15. Rac1 Qc7 16. Qd1 Qa5 17. Qb3 O-O-O 18. f4 f6 19. Rb1 Qa6 20. Qc2 Nab6 21.
Qd3 Qa4 22. Rb3 g5 23. Qb1 gxf4 24. Bxf4 Kb8 25. Qb2 Ka8 26. Rb1 Nxc4 27. Nxc4
Qxc4 28. Rxb7 Rb8 29. Bxh6 Nb6 30. Rxb8+ Kxb8 31. Qd2 Qxe4 32. Re1 Qh4 33. Bf4
Nxd5 34. Rb1+ Nb6 35. a4 Qh7 36. Re1 Nc8 37. Bg3 e5 38. h4 Rg8 39. Bf2 Ka8 40.
Qd5+ Kb8 41. a5 Rg7 42. Qf3 Rb7 43. Qxf6 Rf7 44. Qg5 Rg7 45. Qe3 Qf5 46. Qe4
Qxe4 47. Rxe4 Kc7 48. Kh2 Ne7 49. c4 Ng8 50. Kh3 Nf6 51. Re3 Kd7 52. Rg3 Rxg3+
53. Bxg3 Ke6 54. Be1 d5 55. cxd5+ Nxd5 56. g4 c4 57. h5 c3 58. Kg3 e4 59. Bxc3
Nxc3 60. Kf4 a6 61. g5 Ne2+ 62. Kxe4 Ng3+ 63. Kd4 Nxh5 64. Kc5 Nf4 65. Kb6 Kd6
66. Kxa6 Kc6 67. Ka7 Kc7 68. Ka6 Kc6 69. Ka7 Kc7 70. Ka6 1/2-1/2

[Event "ch-FRA Accession 2016"]
[Site "Agen FRA"]
[Date "2016.08.14"]
[Round "2.4"]
[White "Touzane, Olivier"]
[Black "Chabanon, Jean-Luc"]
[Result "1/2-1/2"]
[WhiteTitle "IM"]
[BlackTitle "GM"]
[WhiteElo "2288"]
[BlackElo "2458"]
[WhiteFideId "602906"]
[BlackFideId "600075"]
[EventDate "2016.08.13"]

1. d4 Nf6 2. Bf4 g6 3. Nc3 Bg7 4. Qd2 d5 5. Bh6 O-O 6. Bxg7 Kxg7 7. Rd1 c6 8. e3
Qb6 9. b3 Bf5 10. Bd3 Bxd3 11. cxd3 Nbd7 12. Nf3 Qc7 13. O-O e5 14. dxe5 Nxe5
15. Nxe5 Qxe5 16. f4 Qf5 17. h3 Rae8 18. g4 Qe6 19. Rf3 d4 20. g5 Nh5 21. exd4
f6 22. Rdf1 fxg5 23. fxg5 Rxf3 24. Rxf3 Qe1+ 25. Qxe1 Rxe1+ 26. Kg2 Rc1 27. Ne4
Rc2+ 28. Kf1 Rxa2 29. Nc5 h6 30. h4 b6 31. Ne6+ Kh7 32. Rf7+ Kg8 33. Rf8+ Kh7
34. Rf7+ Kg8 35. Rf8+ 1/2-1/2

[Event "ch-FRA Accession 2016"]
[Site "Agen FRA"]
[Date "2016.08.15"]
[Round "3.1"]
[White "Degraeve, Jean-Marc"]
[Black "Dionisi, Thomas"]
[Result "1/2-1/2"]
[WhiteTitle "GM"]
[BlackTitle "FM"]
[WhiteElo "2586"]
[BlackElo "2377"]
[WhiteFideId "600270"]
[BlackFideId "651893"]
[EventDate "2016.08.13"]

1. e4 c5 2. Nf3 Nc6 3. Bb5 e5 4. O-O Nge7 5. Bc4 Ng6 6. c3 Be7 7. d4 O-O 8. d5
Na5 9. Be2 Qc7 10. Be3 a6 11. Nbd2 b6 12. Re1 Nb7 13. Bd3 Nd6 14. c4 f5 15. exf5
Nxf5 16. Ne4 d6 17. Qc2 h6 18. Ng3 Nxe3 19. fxe3 Nh4 20. Nxh4 Bxh4 21. Rf1 Bd7
22. Nf5 Bg5 23. Rf3 g6 24. h4 Bxf5 25. hxg5 Bxd3 26. Qxd3 Qg7 27. gxh6 Qxh6 28.
Raf1 Rxf3 29. Rxf3 Rf8 30. Rxf8+ Kxf8 31. Qb3 Qh4 32. Kf1 Qh1+ 33. Kf2 Qh4+ 34.
Ke2 Qg4+ 35. Ke1 Qh4+ 36. Kf1 Qh1+ 37. Kf2 Qh4+ 38. Kf1 Qh1+ 1/2-1/2

[Event "ch-FRA Accession 2016"]
[Site "Agen FRA"]
[Date "2016.08.15"]
[Round "3.2"]
[White "Stephan, Victor"]
[Black "Loiseau, Quentin"]
[Result "1-0"]
[WhiteTitle "FM"]
[BlackTitle "IM"]
[WhiteElo "2380"]
[BlackElo "2434"]
[WhiteFideId "656666"]
[BlackFideId "665274"]
[EventDate "2016.08.13"]

1. d4 Nf6 2. c4 e6 3. Nc3 Bb4 4. e3 O-O 5. Ne2 Re8 6. a3 Bf8 7. g3 d5 8. cxd5
exd5 9. Bg2 Bf5 10. Qb3 c6 11. Qxb7 Nbd7 12. Qxc6 Nb6 13. Qb5 Bc2 14. Nf4 Rb8
15. Qe2 Bb3 16. Nd3 Nc4 17. O-O Ne4 18. Nf4 Na5 19. Re1 Bc4 20. Qg4 Nb3 21. Rb1
f5 22. Qd1 Qa5 23. Nxe4 dxe4 24. Bf1 Rec8 25. Bxc4+ Rxc4 26. Re2 Qb5 27. Bd2
Nxd2 28. Rxd2 Bxa3 29. Rc2 Rb4 30. Qc1 Bxb2 31. Rc8+ Rxc8 32. Qxc8+ Kf7 33. Qc7+
Ke8 34. Qxa7 g5 35. Ne6 Qd3 36. Rf1 Bc3 37. Nxg5 Qc4 38. Qxh7 Rb5 39. h4 Kd8 40.
Nf7+ 1-0

[Event "ch-FRA Accession 2016"]
[Site "Agen FRA"]
[Date "2016.08.15"]
[Round "3.3"]
[White "Favarel, Antoine"]
[Black "Sochacki, Christophe"]
[Result "1-0"]
[WhiteTitle "FM"]
[BlackTitle "IM"]
[WhiteElo "2376"]
[BlackElo "2424"]
[WhiteFideId "642371"]
[BlackFideId "662569"]
[EventDate "2016.08.13"]

1. d4 Nc6 2. Nf3 d6 3. c4 e5 4. g3 e4 5. Ng5 d5 6. Nc3 Bb4 7. cxd5 Qxd5 8. Bg2
Bf5 9. O-O Bxc3 10. bxc3 h6 11. Nh3 Qd7 12. Nf4 g5 13. d5 O-O-O 14. Qa4 Nb8 15.
Qxa7 gxf4 16. c4 Qd6 17. Bxf4 Qa6 18. Qd4 Ne7 19. Qc5 Rd7 20. d6 Rxd6 21. Bxd6
Qxd6 22. Qe3 Qc6 23. Rab1 b6 24. Rb5 Qxc4 25. Rxf5 Nxf5 26. Bh3 Qd5 27. Qf4 Kb7
28. Bxf5 Re8 29. a3 Nc6 30. Rc1 Re5 31. Bh3 Qd6 32. Qxf7 b5 33. Qg8 Qxa3 34. Rb1
Rc5 35. Kg2 Qa8 36. Qe6 Qa4 37. Bf5 Re5 38. Qc8+ Kb6 39. Bd7 Rc5 40. Bxc6 Kxc6
41. Qh8 Qc2 42. Ra1 Qxe2 43. Qf6+ Kd7 44. Qf7+ Kd6 45. Qf8+ Kc6 46. Qe8+ Kb6 47.
Qa8 b4 48. Qb8+ Kc6 49. Qxb4 Rc2 50. Qa4+ Kd6 51. Qd4+ Ke6 52. Rd1 Qf3+ 53. Kg1
Kf7 54. Qd7+ Kf6 55. Qd8+ Ke6 56. Qd5+ Kf6 57. Qd4+ Kf5 58. h3 h5 59. Qd5+ Kf6
60. Qd8+ Kg6 61. Qg8+ Kf6 62. Qf8+ Ke6 63. Qh6+ Ke7 64. Qg5+ Ke6 65. Qg8+ Ke7
66. Qd8+ Ke6 67. Qd7+ Kf6 68. Qd4+ Kf5 69. Ra1 Kg6 70. Ra6+ c6 71. Qd6+ Qf6 72.
Qxf6+ Kxf6 73. h4 Kf5 74. Ra3 c5 75. Kf1 Ke5 76. Ra8 c4 77. Re8+ Kd4 78. Rd8+
Kc3 79. Re8 Kd4 80. Rd8+ Kc3 81. Re8 Kd3 82. Rd8+ Kc3 83. Re8 Kb3 84. Rb8+ Ka3
85. Ra8+ Kb2 86. Rb8+ Kc1 87. Ke1 c3 88. Rb3 e3 89. fxe3 Rg2 90. Rxc3+ Kb2 91.
Rc4 Rxg3 92. Kf2 Rh3 93. Re4 Rh1 94. Kg2 Re1 95. Re5 Kc3 96. Kf2 Rh1 97. Rxh5
Kd3 98. Kg2 Ra1 99. Re5 Ke2 100. h5 Ra8 101. Kg3 Rg8+ 102. Kf4 Kf2 103. h6 1-0

[Event "ch-FRA Accession 2016"]
[Site "Agen FRA"]
[Date "2016.08.15"]
[Round "3.4"]
[White "Le Roux, Jean-Pierre"]
[Black "Favarel, Camille"]
[Result "1-0"]
[WhiteTitle "GM"]
[WhiteElo "2564"]
[BlackElo "2229"]
[WhiteFideId "609404"]
[BlackFideId "636479"]
[EventDate "2016.08.13"]

1. Nf3 Nf6 2. g3 d5 3. Bg2 Bg4 4. c4 c6 5. O-O e6 6. d3 Nbd7 7. Qc2 dxc4 8. dxc4
Bf5 9. Qc3 a5 10. Be3 Bc5 11. Nbd2 Qb6 12. Nd4 Bg6 13. N2b3 Bxd4 14. Bxd4 c5 15.
Be3 O-O 16. Rfd1 a4 17. Nc1 Be4 18. f3 Bc6 19. Nd3 Qa7 20. Bf2 b6 21. b4 Rac8
22. Rab1 cxb4 23. Qxb4 Qa6 24. Rdc1 Rb8 25. Qa3 Qa8 26. Nb4 Bb7 27. Nc2 e5 28.
e4 Rfd8 29. Ne3 Nc5 30. Nd5 Qa5 31. Rb5 Rxd5 32. Rxa5 Rd3 33. Qb2 Nb3 34. axb3
bxa5 35. bxa4 1-0

[Event "ch-FRA Accession 2016"]
[Site "Agen FRA"]
[Date "2016.08.16"]
[Round "4.1"]
[White "Favarel, Antoine"]
[Black "Stephan, Victor"]
[Result "0-1"]
[WhiteTitle "FM"]
[BlackTitle "FM"]
[WhiteElo "2376"]
[BlackElo "2380"]
[WhiteFideId "642371"]
[BlackFideId "656666"]
[EventDate "2016.08.13"]

1. Nf3 d5 2. c4 d4 3. b4 g6 4. g3 Bg7 5. d3 e5 6. Bg2 e4 7. dxe4 Nc6 8. a3 Be6
9. Qd3 Qd7 10. Bb2 Nge7 11. Nbd2 f5 12. O-O Rd8 13. Rad1 O-O 14. Ba1 h6 15. exf5
Bxf5 16. Qb3 g5 17. c5+ Be6 18. Nc4 Ng6 19. Nfd2 Qf7 20. Qd3 Nce7 21. Na5 Ne5
22. Qb1 b6 23. Nab3 Nf5 24. Nc1 bxc5 25. bxc5 Qh5 26. Nf3 Nf7 27. Qb4 g4 28.
Nxd4 a5 29. Qa4 Bxd4 30. Bxd4 Ng5 31. Ba1 Nh3+ 32. Bxh3 gxh3 33. Rxd8 Rxd8 34.
Qe4 Qf7 35. Nd3 Ne7 36. Nf4 Bf5 37. Qe5 Kh7 38. Qxc7 Rd7 39. Qe5 Rd8 40. Qc7 Rc8
41. Qa7 Rd8 42. f3 Rd7 43. Qa8 Qg8 44. Qxg8+ Kxg8 45. e4 Bh7 46. Nh5 Rd3 47.
Nf6+ Kg7 48. Nh5+ Kf7 49. Bb2 Rd2 50. Bc3 Rg2+ 51. Kh1 Nc6 52. Nf4 Ra2 53. Nxh3
Rxa3 54. Rc1 Rb3 55. Nf4 a4 56. Nd5 a3 57. Ra1 Ne7 58. Bb4 Rxf3 59. Nxe7 Bxe4
60. Kg1 Kxe7 61. Re1 a2 62. Rxe4+ Kd7 63. Re1 Rb3 64. Rd1+ Kc8 65. Bc3 Rxc3 66.
Kg2 Rc2+ 67. Kh3 Rb2 68. Ra1 Kc7 69. g4 Kc6 70. Kg3 Kxc5 71. h4 Kb4 72. g5 h5
73. g6 Ka3 74. g7 Rb8 75. Kf4 Rg8 76. Rg1 Kb3 77. Kf5 Rxg7 78. Rxg7 a1=Q 79. Rg5
Qb1+ 80. Kf6 Qh7 81. Rg6 Kc4 82. Kg5 Qh8 83. Rh6 Qe5+ 84. Kg6 Qe6+ 85. Kg5 Qg4+ 0-1

[Event "ch-FRA Accession 2016"]
[Site "Agen FRA"]
[Date "2016.08.16"]
[Round "4.2"]
[White "Chabanon, Jean-Luc"]
[Black "Degraeve, Jean-Marc"]
[Result "1/2-1/2"]
[WhiteTitle "GM"]
[BlackTitle "GM"]
[WhiteElo "2458"]
[BlackElo "2586"]
[WhiteFideId "600075"]
[BlackFideId "600270"]
[EventDate "2016.08.13"]

1. d4 Nf6 2. c4 g6 3. Nc3 Bg7 4. e4 d6 5. Be2 O-O 6. Be3 e5 7. d5 Na6 8. g4 Nc5
9. f3 a5 10. Qd2 h5 11. g5 Nh7 12. h4 f6 13. Nh3 Bxh3 14. Rxh3 fxg5 15. hxg5 a4
16. O-O-O Rf4 17. Rg1 Qe7 18. Kb1 Raf8 19. Bd1 a3 20. b4 Na6 21. b5 Nc5 22. Kc2
b6 23. Qg2 Ra8 24. Kd2 Nf8 25. Bxc5 bxc5 26. Bb3 Nh7 27. Bd1 Qd8 28. Rh2 Qb8 29.
Qh3 Nf8 30. Kd3 Kh8 31. Be2 Qe8 32. Nd1 Ra4 33. Nc3 Ra8 34. Nd1 Ra4 35. Nc3 Ra8
36. Nd1 Ra4 1/2-1/2

[Event "ch-FRA Accession 2016"]
[Site "Agen FRA"]
[Date "2016.08.16"]
[Round "4.3"]
[White "Lagarde, Maxime"]
[Black "Duboue, Peio"]
[Result "1-0"]
[WhiteTitle "GM"]
[BlackTitle "FM"]
[WhiteElo "2572"]
[BlackElo "2397"]
[WhiteFideId "662399"]
[BlackFideId "654833"]
[EventDate "2016.08.13"]

1. d4 Nf6 2. c4 d6 3. Nc3 e5 4. Nf3 Nbd7 5. e4 Be7 6. Be2 O-O 7. O-O c6 8. Qc2
Re8 9. Rd1 Qc7 10. h3 exd4 11. Nxd4 Bf8 12. Bg5 Nc5 13. Bxf6 gxf6 14. Bg4 Qe7
15. Re1 Bxg4 16. hxg4 Qe5 17. Nf5 Ne6 18. Rad1 Rad8 19. g3 a6 20. Kg2 b5 21. Rh1
b4 22. f4 Nxf4+ 23. gxf4 Qxf4 24. Ne2 Qxe4+ 25. Qxe4 Rxe4 26. Kf3 Rxc4 27. Rh4
h6 28. Rdh1 d5 29. Neg3 1-0

[Event "ch-FRA Accession 2016"]
[Site "Agen FRA"]
[Date "2016.08.16"]
[Round "4.4"]
[White "Dionisi, Thomas"]
[Black "Le Roux, Jean-Pierre"]
[Result "1/2-1/2"]
[WhiteTitle "FM"]
[BlackTitle "GM"]
[WhiteElo "2377"]
[BlackElo "2564"]
[WhiteFideId "651893"]
[BlackFideId "609404"]
[EventDate "2016.08.13"]

1. e4 e5 2. Nf3 Nc6 3. Bb5 Nge7 4. O-O Ng6 5. d4 exd4 6. Nxd4 Bc5 7. Nb3 Bb6 8.
Nc3 a6 9. Bd3 d6 10. Kh1 O-O 11. f4 f5 12. exf5 Bxf5 13. Bxf5 Rxf5 14. Qd3 Nge7
15. g4 Rf8 16. Ne4 Nb4 17. Qc4+ d5 18. Qxb4 a5 19. Qe1 dxe4 20. Be3 a4 21. Nd2
a3 22. b3 Bxe3 23. Qxe3 Nd5 24. Qxe4 Re8 25. Qc4 Kh8 26. Rfe1 Ne3 27. Qd3 Qf6
28. Ne4 Qxf4 29. Qxe3 Qxg4 30. Nf2 Qd7 31. Qd3 Qc6+ 32. Kg1 Red8 33. Qe4 Qc5 34.
Rad1 Rxd1 35. Rxd1 Rf8 36. Qe2 h6 37. Rd3 Qc6 38. Re3 Qf6 39. Kg2 Qc6+ 40. Kg1
Qg6+ 41. Rg3 Qf6 42. Nd3 Qd4+ 43. Kg2 Qd5+ 44. Rf3 Rf6 45. Ne5 Re6 46. Qd3 Rxe5
47. Qxd5 Rxd5 48. b4 Rd4 49. Rb3 g5 50. Kg3 Kg7 51. b5 Rc4 52. Rxa3 Rxc2 53. Ra7
b6 54. a4 Rc3+ 55. Kg2 Kf8 56. a5 bxa5 57. Rxa5 Ke8 58. Ra6 Rb3 59. Rxh6 Rxb5
60. Rh7 Kd8 61. Kf3 Re5 62. Kg4 c5 63. Rh5 c4 64. h4 Re4+ 65. Kf3 Rxh4 66. Rxg5
Kd7 67. Ke3 Kd6 68. Kd2 Rh3 69. Kc2 Rd3 70. Rh5 Rf3 1/2-1/2

[Event "ch-FRA Accession 2016"]
[Site "Agen FRA"]
[Date "2016.08.17"]
[Round "5.1"]
[White "Stephan, Victor"]
[Black "Lagarde, Maxime"]
[Result "0-1"]
[WhiteTitle "FM"]
[BlackTitle "GM"]
[WhiteElo "2380"]
[BlackElo "2572"]
[WhiteFideId "656666"]
[BlackFideId "662399"]
[EventDate "2016.08.13"]

1. d4 Nf6 2. c4 e6 3. Nc3 Bb4 4. e3 O-O 5. Ne2 Re8 6. a3 Bf8 7. g3 d5 8. cxd5
exd5 9. Bg2 c6 10. O-O Bf5 11. h3 h6 12. g4 Bh7 13. Ng3 Nbd7 14. f4 Ne4 15.
Ngxe4 Bxe4 16. Nxe4 dxe4 17. Qc2 Qe7 18. Bd2 Nf6 19. g5 Nd5 20. h4 f5 21. b4 Qf7
22. Qb3 Rad8 23. Rfc1 Qh5 24. Be1 Kh8 25. Bg3 Bd6 26. Re1 Qg4 27. Kh2 hxg5 28.
hxg5 g6 29. Bf2 Nxf4 30. exf4 Bxf4+ 31. Kg1 e3 32. Rxe3 Bxe3 33. Bxe3 Qg3 34. d5
Rxe3 35. Qb2+ Kh7 36. Qf6 Rd7 37. Qf8 Qxg5 0-1

[Event "ch-FRA Accession 2016"]
[Site "Agen FRA"]
[Date "2016.08.17"]
[Round "5.2"]
[White "Le Corre, Benjamin"]
[Black "Chabanon, Jean-Luc"]
[Result "0-1"]
[WhiteTitle "FM"]
[BlackTitle "GM"]
[WhiteElo "2319"]
[BlackElo "2458"]
[WhiteFideId "639605"]
[BlackFideId "600075"]
[EventDate "2016.08.13"]

1. e4 Nf6 2. e5 Nd5 3. d4 d6 4. exd6 cxd6 5. c4 Nb6 6. Nc3 g6 7. Be3 Bg7 8. Rc1
O-O 9. b3 Bf5 10. Nf3 d5 11. Be2 Nc6 12. c5 Nc8 13. b4 Nxb4 14. O-O a5 15. a3
Nc6 16. Qb3 N8a7 17. Rfd1 e6 18. h3 Qe7 19. Bf4 Nc8 20. Nb5 a4 21. Qe3 Rd8 22.
Bd6 Nxd6 23. cxd6 Rxd6 24. Nxd6 Qxd6 25. Bb5 Na5 26. Qc3 Nb3 27. Qc7 Qxc7 28.
Rxc7 Be4 29. Ng5 Nxd4 30. Bf1 b5 31. f3 Bc2 32. Rc1 b4 33. axb4 a3 34. b5 a2 35.
b6 Ne2+ 36. Bxe2 a1=Q 37. Rxa1 Rxa1+ 38. Kh2 Be5+ 39. f4 Bxf4+ 40. g3 Bxg5 41.
Rxc2 Rb1 0-1

[Event "ch-FRA Accession 2016"]
[Site "Agen FRA"]
[Date "2016.08.17"]
[Round "5.3"]
[White "Degraeve, Jean-Marc"]
[Black "Favarel, Antoine"]
[Result "1-0"]
[WhiteTitle "GM"]
[BlackTitle "FM"]
[WhiteElo "2586"]
[BlackElo "2376"]
[WhiteFideId "600270"]
[BlackFideId "642371"]
[EventDate "2016.08.13"]

1. e4 c5 2. Nf3 Nc6 3. c3 Nf6 4. e5 Nd5 5. Bc4 e6 6. d4 cxd4 7. cxd4 d6 8. O-O
Be7 9. Qe2 O-O 10. Rd1 Na5 11. b3 Bd7 12. Bxd5 exd5 13. Nc3 Be6 14. Ba3 Nc6 15.
h3 a6 16. Rac1 Re8 17. Qd2 Rc8 18. exd6 Bxd6 19. Bxd6 Qxd6 20. Na4 Rc7 21. Rc3
Rce7 22. Re1 Bc8 23. Rxe7 Rxe7 24. Ne5 Na7 25. Rc1 f6 26. Nd3 Bd7 27. Nc3 Nc6
28. Nc5 Be8 29. Nd1 Nxd4 30. Ne3 Qe5 31. Rd1 Bh5 32. Qxd4 Bxd1 33. Qxd1 d4 34.
Nd3 Qa5 35. Nc2 Qxa2 36. Nxd4 Qa5 37. Qg4 Qd5 38. Nf5 Rd7 39. Ne1 g6 40. Ne3 Qd6
41. g3 Rc7 42. N1c2 Kf7 43. Nc4 Qe6 44. Qf4 Rd7 45. Nd4 Qd5 46. Nf3 Kg7 47. h4
h5 48. Ne3 Qxb3 49. g4 hxg4 50. Qxg4 Qf7 51. h5 Kh7 52. Qe4 Kg7 53. Nh4 f5 54.
Qf4 gxh5 55. Nexf5+ Kh7 56. Qe4 Qg8+ 57. Ng3+ Kh8 58. Ng6+ Kg7 59. Qe5+ Kxg6 60.
Qf5+ Kh6 61. Qxh5+ 1-0

[Event "ch-FRA Accession 2016"]
[Site "Agen FRA"]
[Date "2016.08.17"]
[Round "5.4"]
[White "Le Roux, Jean-Pierre"]
[Black "Navrotescu, Catalin"]
[Result "0-1"]
[WhiteTitle "GM"]
[BlackTitle "IM"]
[WhiteElo "2564"]
[BlackElo "2352"]
[WhiteFideId "609404"]
[BlackFideId "1200208"]
[EventDate "2016.08.13"]

1. d4 e6 2. Nf3 Nf6 3. Bf4 b6 4. e3 Bb7 5. Nbd2 Be7 6. h3 O-O 7. Bd3 d5 8. O-O
Nbd7 9. Qe2 Ne4 10. Rad1 Bf6 11. Rfe1 Re8 12. c4 Rc8 13. Bb1 Nxd2 14. Rxd2 c5
15. Ne5 Bxe5 16. dxe5 Qe7 17. Qg4 f5 18. Qd1 Qf7 19. Bc2 Bc6 20. b3 Nf8 21. Qe2
Rcd8 22. Red1 Rd7 23. a3 Ng6 24. Bh2 Red8 25. f3 dxc4 26. Rd6 Rxd6 27. Rxd6 Rxd6
28. exd6 cxb3 29. Bxb3 b5 30. Qd2 c4 31. Bc2 Qf6 32. Qb4 Qa1+ 33. Kf2 Nf8 34.
Bf4 Qa2 35. Qb1 Qxa3 36. g4 b4 37. gxf5 b3 38. fxe6 bxc2 39. Qxc2 Nxe6 40. Qxc4
Qb2+ 41. Kg3 Bd7 42. e4 Qb5 43. Qc3 Nxf4 44. Kxf4 Bxh3 45. Kg3 Be6 46. f4 a5 47.
f5 Bd7 48. Kf4 Kf7 49. Qh3 h6 50. Qh5+ Kg8 51. Qd1 Qc4 52. Qb1 Kh7 53. Qb7 Qf7
54. Qc7 a4 55. Qa7 g6 56. Qc5 gxf5 57. exf5 a3 58. Qc2 a2 59. f6+ Qg6 60. Qxa2
Qxf6+ 61. Kg3 Qxd6+ 62. Kg2 Bc6+ 63. Kh3 Qd5 64. Qc2+ Qe4 65. Qc5 Kg6 66. Qd6+
Kg5 67. Qd8+ Kh5 68. Qd6 Kg5 69. Qe5+ 0-1